Potravinárske firmy sa vydali na manévre

Aktivity potravinárskych firiem sú čoraz intenzívnejšie. Tie najväčšie chcú stále rásť, aj keď tento sektor je už tri roky vystavený reálnemu spomaľovaniu. Potravinoví giganti si brúsia zuby na čo najväčší podiel na trhu. Noví hráči v Európe. Zmena správania spotrebiteľov - preferencie zdravej výživ...

Description complète

Enregistré dans:
Détails bibliographiques
Auteur principal: Kris, Richard
Format: Chapitre de livre
Langue:slovaque
Sujets:
Tags: Ajouter un tag
Pas de tags, Soyez le premier à ajouter un tag!

MARC

LEADER 00000naa a2200000 4500
001 0223649
005 20200304151009.9
041 0 |a slo 
044 |a CZ 
245 1 0 |a Potravinárske firmy sa vydali na manévre  |c Richard Kris 
520 |a Aktivity potravinárskych firiem sú čoraz intenzívnejšie. Tie najväčšie chcú stále rásť, aj keď tento sektor je už tri roky vystavený reálnemu spomaľovaniu. Potravinoví giganti si brúsia zuby na čo najväčší podiel na trhu. Noví hráči v Európe. Zmena správania spotrebiteľov - preferencie zdravej výživy, biopotravín. USA sú stále obľúbeným trhom. 
610 2 0 |a potravinárstvo 
610 2 0 |a firmy 
610 2 0 |a fúzie 
610 2 0 |a trh potravinový 
610 2 0 |a trh svetový 
610 2 0 |a Európa 
610 2 0 |a svet 
100 1 |a Kris, Richard